00745nam a2200241 a 4500001001300000003000900013005001700022008004100039020001000080082001900090100001700109245008100126260003900207300000900246500003500255505001900290650002700309700001700336902000800353942000700361952012000368999001500488nice12345678IN_TiNIC20260116012307.0050524s1984 dela grp 000 0 eng  ac40000a294.59203bMAN aMani, Vettam aPuranic Encyclopaediab Comprehensive Dictionary With Special Ref.To the Epi aDelhi bMotilal Banarsidass c1984 a920p aincludes index and biblioraphy2 aIndex, Addenda aHinduism-Encyclopaedia1 aMani, Vettam bRHR cBK 001040708ReferHall-aHMIbHMId2007-07-25g400.00l0o294.59203 MANp012566r2007-07-25v400.00w2005-05-24yBK c6427d6427